Sports Quiz

Random Sports or Clickable Quiz
Score 0/15 Timer 02:00
6 Plays Today
% Correct
Basketball
96%
Tennis
95.7%
Running
95.6%
Skiing
95.2%
Golf
95%
Soccer
94.9%
Judo
94.9%
Baseball
94.8%
% Correct
Hockey
94.3%
American Football
93.6%
Surfing
93.6%
Snowboarding
93.5%
Rugby
92.7%
Skating
92.5%
Dance
92%
Remove Ads.
Support Sporcle.
Get the best of Sporcle when you Go Orange. This ad-free experience offers more features, more stats, and more fun while also helping to support Sporcle. Thank you for becoming a member.

You're not logged in!

Compare scores with friends on all Sporcle quizzes.
OR
Log In

Show Comments

Extras

Top Quizzes Today


Score Distribution

Your Account Isn't Verified!

In order to create a playlist on Sporcle, you need to verify the email address you used during registration. Go to your Sporcle Settings to finish the process.

Report this User

Report this user for behavior that violates our Community Guidelines.

Details: